Sepoys in the British Overseas Expenditions/ (Record no. 205550)

MARC details
000 -LEADER
fixed length control field 00633nam a22002057a 4500
005 - DATE AND TIME OF LATEST TRANSACTION
control field 20240904161259.0
010 ## - LCCN (DPL NO)
LC control number ENG-141642
020 ## - INTERNATIONAL STANDARD BOOK NUMBER
International Standard Book Number 9788170743316
Terms of availability 800.00
035 ## - SYSTEM CONTROL NUMBER
System control number EN-125174
037 ## - SOURCE OF ACQUISITION
Source of stock number/acquisition DBAD
082 ## - DEWEY DECIMAL CLASSIFICATION NUMBER
Classification number 954.31
Edition number 1
100 ## - MAIN ENTRY--PERSONAL NAME
Personal name Bandyopadhyay, Premansu Kumar
245 ## - TITLE STATEMENT
Title Sepoys in the British Overseas Expenditions/
Remainder of title 1762-1826/
Statement of responsibility, etc By Premansu Kumar Bandyopadhyay
250 ## - EDITION STATEMENT
Edition statement 1
260 ## - PUBLICATION, DISTRIBUTION, ETC. (IMPRINT)
Place of publication, distribution, etc Kolkata
Name of publisher, distributor, etc K P Bagchi & Company
Date of publication, distribution, etc 2011
270 ## - ADDRESS
Address 286, B.B. Gangului Street
City Kolkata
Postal code 700012
300 ## - PHYSICAL DESCRIPTION
Extent xxv,380p.
Dimensions 22cm(hb)
490 ## - SERIES STATEMENT
Volume number/sequential designation Vol 1
942 ## - ADDED ENTRY ELEMENTS (KOHA)
Source of classification or shelving scheme Dewey Decimal Classification
Item type English Books
Classification part 954.31
Call number suffix BAN
Edition 1
Holdings
Withdrawn status Lost status Materials specified (bound volume or other part) Not for loan Collection code Home library Current library Date acquired Source of acquisition Cost, normal purchase price Full call number Barcode Copy number Cost, replacement price Koha item type
    VOL-1   Non-fiction Shahdara Branch Shahdara Branch 04/09/2024 DBAD 800.00 954.31 BAN EN-125174 1 800.00 English Books

© Delhi Public Library
Hit Counter
free hit counter